| 000 | 00406nam a22001457a 4500 | ||
|---|---|---|---|
| 005 | 20150422102610.0 | ||
| 008 | 150422b xxu||||| |||| 00| 0 eng d | ||
| 040 | _cPK-LaUMT | ||
| 082 |
_aKHC 954.918 _bZIB-S |
||
| 100 | _aزبیراحمد فردوسی | ||
| 245 |
_aسندھ کا المیہ _cزبیر احمد فردوسی |
||
| 260 |
_aلاہور _bنگارشات _c1987 |
||
| 300 | _a80 ص | ||
| 942 | _cBK | ||
| 999 |
_c70157 _d70157 |
||